| 000 | 00677nam a2200217Ia 4500 | ||
|---|---|---|---|
| 003 | GCL | ||
| 005 | 20240530103946.0 | ||
| 008 | 140319s9999 xx 000 0 ara d | ||
| 040 |
_aGCL / _cGCL |
||
| 082 | 0 | 4 |
_a191 _bف ع |
| 100 | 1 | _aفؤاد زكريا | |
| 245 | 1 | 0 |
_aالعرب والنموذج الامريكى / _cفؤاد زكريا |
| 260 |
_aالقاهرة : _bمكتبة مصر |
||
| 300 |
_a87 ص. ؛ _c22 سم. |
||
| 650 | 0 | 4 | _aالعالم العربى |
| 650 | 0 | 4 | _aالاحوال السياسية |
| 650 | 0 | 4 | _aالولايات المتحدة الامريكية |
| 650 | 0 | 4 | _aالسياسة الدولية |
| 650 | 0 | 4 | _aاسرائيل |
| 942 |
_2ddc _cBK |
||
| 999 |
_c43732 _d43732 |
||